书目信息 |
| 题名: |
谷文昌 —— 绿色蝴蝶
|
|
| 作者: | 吴尔芬 著 | |
| 分册: | ||
| 出版信息: | 北京 党建读物出版社 2019.04 |
|
| 页数: | 126页 | |
| 开本: | 19cm | |
| 丛书名: | 中华人物故事汇 | |
| 单 册: | ||
| 中图分类: | D263-49 | |
| 科图分类: | ||
| 主题词: | 模范共产党员--mo fan gong chan dang yuan--先进事迹--中国--现代--青少年读物 | |
| 电子资源: | ||
| ISBN: | 978-7-5099-1083-2 | |
| 000 | 01155nam 2200253 450 | |
| 001 | 29941 | |
| 005 | 20221116174853.97 | |
| 010 | @a978-7-5099-1083-2@dCNY18.00 | |
| 100 | @a20190929d2019 cemy0chiy50 ea | |
| 101 | 0 | @achi |
| 102 | @aCN@b110000@aCN@b450000 | |
| 105 | @aa z 000yd | |
| 200 | 1 | @a谷文昌 —— 绿色蝴蝶@Agu wen chang —— lv se hu die@f吴尔芬著 |
| 210 | @a北京@c党建读物出版社@a南宁@c接力出版社@d2019.04 | |
| 215 | @a126页@c图@d19cm | |
| 225 | 2 | @a中华人物故事汇@Azhong hua ren wu gu shi hui@i中华先锋人物故事汇@h第一辑 |
| 314 | @a吴尔芬, 中国作家协会会员、厦门市作家协会副主席。 | |
| 330 | @a本书以讲故事为主, 围绕新时代青少年教育的需要, 重点选取富有代表性、能打动人的植树治沙的故事, 突出谷文昌一心为民的鲜明特质。通过东山岛从沙漠到绿洲的艰难曲折的过程, 折射谷文昌波澜壮阔的人生和多姿多彩的个性, 展现谷文昌的杰出品质、精神基因及社会影响。 | |
| 410 | 0 | @12001 @a中华人物故事汇@i中华先锋人物故事汇@h第一辑 |
| 606 | 0 | @a模范共产党员@Amo fan gong chan dang yuan@x先进事迹@y中国@z现代@j青少年读物 |
| 690 | @aD263-49@v5 | |
| 701 | 0 | @a吴尔芬@Awu er fen@4著 |
| 801 | 0 | @aCN@c20220910 |
| 905 | @a河南城建学院图书馆@dD263-49@eW770@f2 | |
| 谷文昌 —— 绿色蝴蝶/吴尔芬著.-北京:党建读物出版社;南宁:接力出版社,2019.04 |
| 126页:图;19cm.-(中华人物故事汇.中华先锋人物故事汇.第一辑) |
| ISBN 978-7-5099-1083-2:CNY18.00 |
| 本书以讲故事为主, 围绕新时代青少年教育的需要, 重点选取富有代表性、能打动人的植树治沙的故事, 突出谷文昌一心为民的鲜明特质。通过东山岛从沙漠到绿洲的艰难曲折的过程, 折射谷文昌波澜壮阔的人生和多姿多彩的个性, 展现谷文昌的杰出品质、精神基因及社会影响。 |
| ● |
| 相关链接 |
|
|
|
正题名:谷文昌 —— 绿色蝴蝶
索取号:D263-49/W770
 
预约/预借
| 序号 | 登录号 | 条形码 | 馆藏地/架位号 | 状态 | 备注 |
| 1 | 1584046 | 215840464 | 社科库509/509社科库 69排8列5层/ [索取号:D263-49/W770] | 在馆 | |
| 2 | 1584047 | 215840473 | 社科库509/509社科库 69排8列5层/ [索取号:D263-49/W770] | 在馆 |